Entrepreneurial finance : For new and emerging businesses

Shranjeno v:
Bibliografske podrobnosti
Glavni avtor: Stancill, James McNeill
Format: Knjiga
Jezik:Undetermined
Izdano: Astralia Thomson/South-Western 2004
Teme:
Oznake: Označite
Brez oznak, prvi označite!
Thư viện lưu trữ: Trung tâm Học liệu Trường Đại học Cần Thơ
LEADER 00625nam a2200217Ia 4500
001 CTU_100098
008 210402s9999 xx 000 0 und d
020 |c 1104000 
082 |a 658.15 
082 |b S784 
100 |a Stancill, James McNeill 
245 0 |a Entrepreneurial finance : 
245 0 |b For new and emerging businesses 
245 0 |c James McNeill Stancill 
260 |a Astralia 
260 |b Thomson/South-Western 
260 |c 2004 
650 |a Venture capital,Entrepreneurship,Business enterprises 
650 |x Finance 
904 |i Hiếu 
980 |a Trung tâm Học liệu Trường Đại học Cần Thơ